000 00761nam a2200265 a 4500
001 000112720
003 CHAP
005 20220329144319.0
008 161011s2009 nyu |rd ||||||spa d
010 _a109181
011 _a110153
020 _a978 0 19 430897 7
040 _cCHAP
082 0 4 _a423.6
_bD54 2009
245 0 0 _aDiccionario oxford escolar :
_bpara estudiantes de inglés (español - inglés ; inglés - español).
250 _a2 ed.
260 _aNew York, N.Y. :
_bOxford, University,
_c2009.
300 _aix. 693 p.
590 _aE5765TAJ
_b05
_c20161011
_lUCH01
_h1202
650 1 4 _aEspañol
_xDiccionarios
_xInglés.
_937729
650 1 4 _aInglés
_xDiccionarios
_xEspañol.
_958336
901 _aBK
942 _cLIBRO
942 _n0
999 _c109181
_d109181